Mice aid lawyers in house searches (Record no. 68495)

MARC details
000 -LEADER
fixed length control field 01613cam a2200241 4500
001 - CONTROL NUMBER
control field ABS64595
008 - FIXED-LENGTH DATA ELEMENTS--GENERAL INFORMATION
fixed length control field 011005n2001 000 0 eng u
035 ## - SYSTEM CONTROL NUMBER
System control number (Sirsi) u115015
100 ## - MAIN ENTRY--PERSONAL NAME
Personal name Norwood, G.
245 ## - TITLE STATEMENT
Title Mice aid lawyers in house searches
260 ## - PUBLICATION, DISTRIBUTION, ETC.
Date of publication, distribution, etc. 2001
490 ## - SERIES STATEMENT
Series statement Estates Gazette
Volume/sequential designation (0139) 29 September 2001, 126-127(2)
520 ## - SUMMARY, ETC.
Summary, etc. Electronic property conveyancing will soon be a reality. The National Land Information Service (NLIS) was set up to help promote online conveyancing, mainly to the residential market. NLIS is the statutory body that grants licenses for online access to land and property information from a variety of sources. Each NLIS licence holder will compete to attract the best portfolio of electronic data providers, ranging from map makers to local authorities. Searchflow.co.uk, a joint venture of the Property Service Agency, Geographic Information Systems and ESRI, is the third, and latest, internet service to win a licence from NLIS. Its service is aimed at solicitors acting on behalf of buyers, sellers and lenders. It does not charge a subscription, earning most of its income from transaction charges for providing data to solicitors. Describes how Searchflow works, and the potential savings it offers to residential, and commercial, property buyers.
590 ## - LOCAL NOTE (RLIN)
Local note ABS
650 ## - SUBJECT ADDED ENTRY--TOPICAL TERM
Topical term or geographic name entry element ONLINE CONVEYANCING
650 ## - SUBJECT ADDED ENTRY--TOPICAL TERM
Topical term or geographic name entry element ECONVEYANCING
650 ## - SUBJECT ADDED ENTRY--TOPICAL TERM
Topical term or geographic name entry element NATIONAL LAND INFORMATION SERVICE
650 ## - SUBJECT ADDED ENTRY--TOPICAL TERM
Topical term or geographic name entry element SEARCHFLOW
650 ## - SUBJECT ADDED ENTRY--TOPICAL TERM
Topical term or geographic name entry element HOUSE BUYERS
650 ## - SUBJECT ADDED ENTRY--TOPICAL TERM
Topical term or geographic name entry element MANAGEMENT-BUSINESS MANAGEMENT-INFORMATION MANAGEMENT
690 ## - LOCAL SUBJECT ADDED ENTRY--TOPICAL TERM (OCLC, RLIN)
Topical term or geographic name as entry element PROPERTY
942 ## - ADDED ENTRY ELEMENTS (KOHA)
Suppress in OPAC 0
Holdings
Withdrawn status Lost status Source of classification or shelving scheme Damaged status Not for loan Home library Current library Shelving location Date acquired Total Checkouts Full call number Barcode Date last seen Copy number Price effective from Koha item type
    Dewey Decimal Classification     London London Journal article 05/10/2001   ABS64595 115015-1001 06/08/2019 1 06/08/2019 Journal article